The domino effect (Record no. 74611)
[ view plain ]
| 000 -LEADER | |
|---|---|
| fixed length control field | 01160cab a2200241 4500 |
| 001 - CONTROL NUMBER | |
| control field | ABS68448 |
| 008 - FIXED-LENGTH DATA ELEMENTS--GENERAL INFORMATION | |
| fixed length control field | 041118n2004 000 0 eng u |
| 035 ## - SYSTEM CONTROL NUMBER | |
| System control number | (Sirsi) u128050 |
| 100 ## - MAIN ENTRY--PERSONAL NAME | |
| Personal name | Murdoch, S. |
| 245 #4 - TITLE STATEMENT | |
| Title | The domino effect |
| 260 ## - PUBLICATION, DISTRIBUTION, ETC. | |
| Date of publication, distribution, etc. | 2004 |
| 490 ## - SERIES STATEMENT | |
| Series statement | Estates Gazette |
| Volume/sequential designation | (0444) 30 October 2004, 151(1) |
| 520 ## - SUMMARY, ETC. | |
| Summary, etc. | Considers "PW and Co v Milton Gate Investments Ltd" ([2003] EWHC 1994 (Ch), Abs67644) which upheld the rule established in "Pennell v Payne" (CA, Abs52308) as upheld by "Barrett v Morgan" (HL, Abs61966) whereby the service of a notice to quit or a break notice will terminate not only the subject lease but also any sub-tenancies created out of that lease. A sublease will only survive if the termination of the sub-tenancy is by way of a consensual arrangement between the landlord and the tenant which is not provided for in the headlease. |
| 590 ## - LOCAL NOTE (RLIN) | |
| Local note | ABS |
| 650 ## - SUBJECT ADDED ENTRY--TOPICAL TERM | |
| Topical term or geographic name entry element | PW AND CO V MILTON GATE INVESTMENTS LTD AND OTHERS |
| 650 ## - SUBJECT ADDED ENTRY--TOPICAL TERM | |
| Topical term or geographic name entry element | PENNELL V PAYNE |
| 650 ## - SUBJECT ADDED ENTRY--TOPICAL TERM | |
| Topical term or geographic name entry element | BARRETT V MORGAN |
| 650 ## - SUBJECT ADDED ENTRY--TOPICAL TERM | |
| Topical term or geographic name entry element | HEADLEASES |
| 650 ## - SUBJECT ADDED ENTRY--TOPICAL TERM | |
| Topical term or geographic name entry element | SUBLEASES |
| 650 ## - SUBJECT ADDED ENTRY--TOPICAL TERM | |
| Topical term or geographic name entry element | TERMINATION |
| 690 ## - LOCAL SUBJECT ADDED ENTRY--TOPICAL TERM (OCLC, RLIN) | |
| Topical term or geographic name as entry element | LANDLORD AND TENANT-LEASES |
| 942 ## - ADDED ENTRY ELEMENTS (KOHA) | |
| Suppress in OPAC | 0 |
| Withdrawn status | Lost status | Source of classification or shelving scheme | Damaged status | Not for loan | Home library | Current library | Shelving location | Date acquired | Total Checkouts | Full call number | Barcode | Date last seen | Copy number | Price effective from | Koha item type |
|---|---|---|---|---|---|---|---|---|---|---|---|---|---|---|---|
| Dewey Decimal Classification | London | London | Journal article | 18/11/2004 | ABS68448 | 128050-1001 | 06/08/2019 | 1 | 06/08/2019 | Law report |